| 000 | 00912nam a2200253Ia 4500 | ||
|---|---|---|---|
| 003 | OSt | ||
| 005 | 20220923213253.0 | ||
| 006 | a|||||r|||| 00| 0 | ||
| 007 | ta | ||
| 008 | 220922b |||||||| |||| 00| 0 hin d | ||
| 024 | _a160,318 | ||
| 037 | _cTextual | ||
| 040 |
_aARTS _cARTS _bhin |
||
| 041 |
_2hin _ahin |
||
| 082 | _aO152,1:gN, J6 | ||
| 100 | _aत्रिभुवन सिंह | ||
| 245 | 0 | _aआधुनिक हिन्दी कविता की स्वच्छन्द घारा | |
| 246 | _aĀdhunik hindī kavitā kī svachchhanda ghārā | ||
| 260 |
_aवाराणसी _b हिन्दी प्रचारक पुस्तकालय _c1956 |
||
| 300 |
_a223पृ. _ccm. |
||
| 650 |
_aहिन्दी साहित्य _9156264 |
||
| 942 |
_hO152,1:gN, J6 _cTEXL _2CC |
||
| 999 |
_c315065 _d315065 |
||